| 000 | 00440nam a2200157Ia 4500 | ||
|---|---|---|---|
| 008 | 180424s9999 xx 000 0 und d | ||
| 040 | _aPK-NaQUE | ||
| 100 | _a09ME71 | ||
| 100 | _aAsghar Ali Solangi | ||
| 245 | 0 | _aDevelopment and Manufacturing of Dynamometer for Measuring Lathe Cutting Tool Parameters | |
| 260 | _aNawabshah | ||
| 260 | _bQUEST | ||
| 260 | _c2009 | ||
| 300 | _a65 | ||
| 700 | _aDepartment of Mechanical Engineering | ||
| 999 |
_c58537 _d58534 |
||